[Event "Hanoi op"]
[Site "Hanoi"]
[Date "2022.08.25"]
[Round "5"]
[White "Bui, Tran Minh Khang"]
[Black "Pham, Tran Gia Phuc"]
[Result "0-1"]
[WhiteElo "1331"]
[BlackElo "2011"]
[PlyCount "100"]
[EventDate "2022.08.20"]
[EventType "swiss"]
[EventRounds "9"]
[EventCountry "VIE"]
[SourceTitle "CBM 209 Extra"]
[Source "ChessBase"]
[SourceDate "2022.09.30"]
[SourceVersion "1"]
[SourceVersionDate "2022.09.30"]
[SourceQuality "1"]

1. c4 Nf6 2. Nc3 c5 3. g3 Nc6 4. Bg2 g6 5. Nf3 d5 6. cxd5 Nxd5 7. d3 Nxc3 8. bxc3 Bg7 9. Bd2 0-0 10. 0-0 Qc7 11. Qc2 e5 12. Be3 b6 13. Rad1 Bb7 14. d4 exd4 15. cxd4 Nb4 16. Qb1 Nd5 17. Rc1 Nxe3 18. fxe3 Qe7 19. dxc5 bxc5 20. Kh1 Ba6 21. Qc2 Rac8 22. e4 Rfe8 23. Ne1 c4 24. Qa4 Qb7 25. Nc2 Bb5 26. Qb4 Bc6 27. Rfd1 Qxb4 28. Nxb4 Bxe4 29. Bxe4 Rxe4 30. Rc2 Rd4 31. Rxd4 Bxd4 32. Kg2 f5 33. Kf3 Kf7 34. e4 Ke6 35. exf5+ gxf5 36. Nd3 c3 37. Nf4+ Kd6 38. Ke2 Be5 39. Ng2 Kc5 40. Ne3 Rf8 41. Nd1 Kc4 42. Ne3+ Kd4 43. Nd1 Rc8 44. Nf2 f4 45. gxf4 Bxf4 46. h3 Re8+ 47. Kf3 Bd2 48. a4 Rf8+ 49. Ke2 Rxf2+ 50. Kxf2 Kd3 0-1

[Event "VIE-ch U13"]
[Site "Ho Chi Minh City"]
[Date "2022.07.12"]
[Round "3"]
[White "Nguyen, Anh Huy"]
[Black "Bui, Tran Minh Khang"]
[Result "0-1"]
[WhiteElo "2312"]
[BlackElo "2325"]
[PlyCount "58"]
[EventDate "2022.07.11"]
[EventType "swiss"]
[EventRounds "9"]
[EventCountry "VIE"]
[SourceTitle "EXT 2023"]
[Source "ChessBase"]
[SourceDate "2022.10.05"]
[SourceVersion "1"]
[SourceVersionDate "2022.10.05"]
[SourceQuality "1"]

1. d4 Nf6 2. Nf3 c5 3. d5 g6 4. c4 b5 5. cxb5 a6 6. b6 Qxb6 7. Nc3 Bg7 8. e4 d6 9. h3 0-0 10. Bd3 e6 11. dxe6 Bxe6 12. 0-0 Nc6 13. Nd2 Ne5 14. Be2 d5 15. exd5 Nxd5 16. Nxd5 Bxd5 17. Re1 Qb7 18. Bf1 c4 19. Re3 Rfd8 20. Qc2 Rac8 21. Ne4 Be6 22. Nc3 Bf5 23. Qa4 Nd3 24. Re2 h6 25. Qa5 Re8 26. Rxe8+ Rxe8 27. Bxd3 Bxd3 28. f4 Bxc3 29. Qxc3 Re2 0-1

[Event "VIE-ch U13"]
[Site "Hanoi"]
[Date "2022.06.13"]
[Round "3"]
[White "Bui, Tran Minh Khang"]
[Black "Pham, Nguyen Tuan Anh"]
[Result "0-1"]
[WhiteElo "2358"]
[BlackElo "2379"]
[PlyCount "68"]
[EventDate "2022.06.11"]
[EventType "swiss"]
[EventRounds "9"]
[EventCountry "VIE"]
[SourceTitle "EXT 2023"]
[Source "ChessBase"]
[SourceDate "2022.10.05"]
[SourceVersion "1"]
[SourceVersionDate "2022.10.05"]
[SourceQuality "1"]

1. e4 e6 2. d3 d5 3. Nd2 c5 4. Ngf3 Nc6 5. g3 Nf6 6. Bg2 Be7 7. 0-0 0-0 8. Re1 Qb6 9. Nf1 Rd8 10. Qe2 dxe4 11. dxe4 Nd4 12. Nxd4 cxd4 13. b3 e5 14. Bg5 Bg4 15. Bf3 Bxf3 16. Qxf3 Rac8 17. Qd1 h6 18. Bxf6 Qxf6 19. a3 Bc5 20. Qe2 Bb6 21. Rad1 Rc3 22. Rd3 Rdc8 23. Rxc3 Rxc3 24. Rd1 Qc6 25. Rd2 Qc5 26. a4 a6 27. h3 Qc7 28. Nh2 Ba5 29. Qd1 Qc6 30. Re2 d3 31. cxd3 Rc1 32. Qxc1 Qxc1+ 33. Kg2 Qd1 34. Rb2 Bc3 0-1

[Event "VIE-ch U13"]
[Site "Hanoi"]
[Date "2022.06.13"]
[Round "4"]
[White "Tran, Khai Duy"]
[Black "Bui, Tran Minh Khang"]
[Result "1/2-1/2"]
[WhiteElo "2369"]
[BlackElo "2358"]
[PlyCount "43"]
[EventDate "2022.06.11"]
[EventType "swiss"]
[EventRounds "9"]
[EventCountry "VIE"]
[SourceTitle "EXT 2023"]
[Source "ChessBase"]
[SourceDate "2022.10.05"]
[SourceVersion "1"]
[SourceVersionDate "2022.10.05"]
[SourceQuality "1"]

1. Nf3 Nf6 2. g3 g6 3. Bg2 Bg7 4. 0-0 0-0 5. d4 d6 6. c4 c5 7. e3 Nc6 8. Nc3 Rb8 9. h3 a6 10. dxc5 dxc5 11. Qe2 Qc7 12. e4 e5 13. Nd5 Qd6 14. Rd1 Nd4 15. Nxd4 cxd4 16. Bd2 Nxd5 17. cxd5 Bd7 18. a3 Rfc8 19. Bb4 Qc7 20. Qd2 Qc2 21. Rac1 Qxd2 22. Bxd2 1/2-1/2

[Event "VIE-ch U09"]
[Site "Hai Phong"]
[Date "2018.07.09"]
[Round "4"]
[White "Bui, Tran Minh Khang"]
[Black "Nguyen, Duc Hieu"]
[Result "1-0"]
[WhiteElo "1917"]
[BlackElo "1933"]
[PlyCount "76"]
[EventDate "2018.07.07"]
[EventType "swiss"]
[EventRounds "9"]
[EventCountry "VIE"]
[SourceTitle "EXT 2019"]
[Source "ChessBase"]
[SourceDate "2018.10.10"]
[SourceVersion "1"]
[SourceVersionDate "2018.10.10"]
[SourceQuality "1"]

1. d4 d5 2. Bf4 Bf5 3. e3 a6 4. c4 e6 5. Nc3 Nf6 6. Nf3 Nc6 7. Qb3 Rb8 8. Be2 Be7 9. 0-0 0-0 10. Nh4 Bg6 11. Nxg6 fxg6 12. Bf3 Na5 13. Qc2 Nxc4 14. b3 Nb6 15. Ne2 Bd6 16. Rac1 c6 17. Rfd1 Bxf4 18. Nxf4 Qe7 19. Qc5 Qxc5 20. dxc5 e5 21. Ne6 Rfe8 22. Nc7 Re7 23. cxb6 e4 24. Be2 Nd7 25. Bg4 Ne5 26. Bh3 Kf7 27. Ne6 Rxe6 28. Bxe6+ Kxe6 29. a4 Rf8 30. h3 Nd3 31. Rc2 h6 32. f3 Nb4 33. Rf2 Nd3 34. Rff1 Nb4 35. fxe4 Rxf1+ 36. Rxf1 dxe4 37. Rf8 Nc2 38. Kf2 Na1 1-0